Нар Сар Рах (Бичлэгийн дугаар. 699355)

MARC дэлгэрэнгүй
000 -Удирдлага
Ном зүйн бүртгэл тоо буюу кодлох утгыг агуулсан 00726nam a22002297a 4500
008 - ЕРӨНХИЙ МЭДЭЭЛЭЛ-ЭЛЕМЕНТҮҮДИЙН ӨГӨГДЛИЙН УРТ
fixed length control field 240525b mp ||||| |||| 00| 0 mon d
020 ## - ОЛОН УЛСЫН СТАНДАРТ НОМЫН ДУГААР-ISBN
Олон Улсын Стандарт Номын Дугаар 978-99973-1-840-4
035 ## - СИСТЕМИЙН ХЯНАЛТЫН ДУГААР
Системийн хяналтын дугаар 25667
040 ## - ЭХ СУРВАЛЖИЙГ ТОДОРХОЙЛОН БИЧИХ
Анхны каталогийн байгууллага Орхон аймгийн нийтийн номын сан
Каталогийн хэл Монгол
Бичлэг хийж нэвтрүүлэх байгууллага MN-UlNLM
Өөрчлүүлэх байгууллага MN-UlNLM
Бичиглэлийн тодорхойлолт rda
041 ## - ХЭЛНИЙ КОД
Текстийн хэлний код/фонограм буюу салангид гарчиг Монгол
042 ## - AUTHENTICATION CODE
Authentication code 35914
084 ## - БУСАД АНГИЛЛЫН ДУГААР
Ангиллын нэр
Анги 84.5Мо-44
Зохиогчийн 3-н тэмдэгт Н-282
100 ## - ЗОХИОГЧИЙН ХЭСЭГ
Зохиогчийн нэр Нанжид Б., Гантулга Б.
245 #0 - ҮНДСЭН ГАРЧИГ
Гарчиг Нар Сар Рах
264 ## - ГАРАЛТЫН МЭДЭЭ
Хэвлэгдсэн газар Улаанбаатар
Бүтээгч, хэвлэгч, түгээгч, үйлдвэрлэгчийн нэр жангар
Хэвлэгдсэн он 2020
300 ## - ТООНЫ МЭДЭЭ
Хуудасны тоо 28 х.
336 ## - АГУУЛГЫН ТӨРӨЛ
Нөөц rdacontent
Агуулгын төрлийн нөхцөл text
Агуулгын төрлийн код txt
337 ## - MEDIA TYPE
Эх сурвалж rdamedia
Файлын төрөл unmediated
Файлын код n
338 ## - CARRIER TYPE
Source rdacarrier
Carrier type term volume
Carrier type code nc
650 ## - Сэдэв
Сэдэв зурагт ном, үлгэр
942 ## - ЭЛЕМЕНТИЙН ТӨРӨЛ
Анги Номын сан номзүйн ангилал
Төрөл Ном
Захиалгууд
Буцаан татагдсан төлөв Хасагдсан шалтгаан Гэмтсэн төлөв Данс заагч Захиалах боломжгүй Үндсэн номын сан Одоогийн байршил Салбар танхим Салбар танхим Бүртгэсэн огноо Тавиурын заалт Баркод Үнэ Хамгийн сүүлд байсан огноо Нийт уншлаганд гарсан тоо Дансны дугаар Төрөл
          Орхон аймаг Орхон аймаг Орхон | Хүүхдийн уншлага   2024-05-25 84.5Мо-44 / Н-282 OR01625667-2-1 12900.00 2024-05-25   26506 Ном
          Орхон аймаг Орхон аймаг Орхон | Хүүхдийн уншлага   2024-05-25 84.5Мо-44 / Н-282 OR01625667-2-2 12900.00 2024-05-25   27346 Ном